| 000 | 00348nam a22001457a 4500 | ||
|---|---|---|---|
| 008 | 230523b |||||||| |||| 00| 0 eng d | ||
| 020 | _a9789391211844 | ||
| 100 | _aP. M. Bakshi | ||
| 245 | _aThe Constitution of India | ||
| 250 | _a18th Ed. | ||
| 260 |
_aHaryana _bUniversal Pub _c2023 |
||
| 300 | _a587 | ||
| 546 | _aEnglish | ||
| 942 |
_2ddc _cBK |
||
| 999 |
_c20037 _d20037 |
||